00990nam a2200217 a 450000100100000000500170001000800410002702000150006804000250008308200150010810000380012324501030016126000640026430000260032850400400035450501890039470000440058304900090062795201190063699900170075500002649920200930030244.0110322s2002 mx r 000 0 spa d a9701885015 aDO-SdBNPbspacBNPHU axxxbM722g1 aMolina Martínez, Rubén95356910aGobierno y comunicación soacial /cRubén Molina Martínez ; prólogo Humberto Luis Valdivia. aMéxico, D. F. :bInstituto Politécnico Nacional,c2002. a187, [1] p. ;c21 cm. aIncluye bibliografía (p. 175-187)0 aComunicación -- Medios de comunicación -- Credibilidad de la sociedad en la acción de gobernar -- Alcances y limitaciones en lo interno y en lo externo -- Consideraciones finales1 aValdivia, Humberto Luisepról.953570 aBNGR 001054708MOaGRbGRcCTd2011-03-22iLF1l0oxxx M722gp26499-10r2020-06-25w2020-06-25y4ZPréstamo en sala c25991d25991